Movie Dads Quiz Stats

Quiz Updated Jun 21, 2015

Also try: Movie Moms
Challenge
Share
Tweet
Score 0/50 Timer 10:00
0 Plays Today
'Dad' Portrayer Movie % Correct
Eugene LevyAmerican Pie
66.9%
Marlon BrandoThe Godfather
62.4%
Zac Efron17 Again
58.9%
Tom CruiseWar of the Worlds
53.5%
Sean ConneryIndiana Jones and The Last Crusade
53.4%
Will SmithThe Pursuit of Happyness
52%
James CaanElf
50.4%
Marlon BrandoSuperman
50.1%
Jerry OrbachDirty Dancing
49.7%
Mel GibsonThe Patriot
47.4%
Keith RichardsPirates of the Caribbean: At World's End
43.7%
Sean PennI Am Sam
43.4%
David ProwseStar Wars
41%
Harry Dean StantonPretty in Pink
39.3%
Steve MartinCheaper by the Dozen
37.1%
Jon StewartBig Daddy
35.9%
Gregory PeckTo Kill A Mockingbird
35.8%
Hugo WeavingThe Lord of the Rings
35.7%
Robert De NiroMeet the Parents
35.1%
James Earl Jones*The Lion King
34.8%
Robin WilliamsMrs. Doubtfire
34.5%
Alan ArkinLittle Miss Sunshine
30.2%
Henry FondaOn Golden Pond
29.9%
Nathan LaneThe Birdcage
28.7%
Dustin HoffmanKramer vs. Kramer
28.5%
'Dad' Portrayer Movie % Correct
Brian KeithThe Parent Trap
27.7%
Chevy ChaseChristmas Vacation
26.9%
James StewartIt's a Wonderful Life
25.8%
Spencer TracyFather of the Bride
24.9%
Ryan ReynoldsDefinitely, Maybe
24.7%
Ryan O'NealPaper Moon
24.7%
Kevin CostnerField of Dreams
24%
Jack NicholsonThe Shining
23.5%
Craig T. Nelson*The Incredibles
21.4%
Tom HanksSleepless in Seattle
21.3%
Albert Brooks*Finding Nemo
21.2%
Darren McGavinA Christmas Story
20.8%
Laurence FishburneBoyz N the Hood
18%
Jeff DanielsFly Away Home
17.2%
Roy DotriceAmadeus
14.7%
Blake Clark50 First Dates
14.2%
Robert DuvallSling Blade
13.5%
Pete PostlethwaiteIn the Name of the Father
11.6%
Rodney DangerfieldNatural Born Killers
9.4%
Dennis HopperTrue Romance
8.7%
Harrison FordThe Mosquito Coast
7.6%
Fred SavageVice Versa
6.7%
James CromwellRevenge of the Nerds
5.5%
Kirk CameronLike Father Like Son
5.1%
James CoburnAffliction
4.6%

You're not logged in!

Compare scores with friends on all Sporcle quizzes.
Sign Up with Email
OR
Log In

You Might Also Like...

Show Comments

Extras

Top Quizzes Today


Score Distribution

Your Account Isn't Verified!

In order to create a playlist on Sporcle, you need to verify the email address you used during registration. Go to your Sporcle Settings to finish the process.